00485 2200181 4500001002100000005001500021008004100036020002100077035001900098041000600117082001000123090001600133100002800149245004100177260004000218300002800258650001700286INLIS00000000000618820241224113238241224||||||||| | ||| |||| ||  a978-979-3632-971 0010-1224006188 a00 a633.8 a633.8 ZAI s0 aZainul Arifin el-Basyir00aSehat Dengan Tanaman 65 Tanaman Obat aJakartabSunda Kelapa Pustakac2013 aiv,68 hlm.:ilus.; 25 cm 0aTanaman Obat